| 000 | 00534pab a2200193 454500 | ||
|---|---|---|---|
| 008 | 180718b2009 xxu||||| |||| 00| 0 eng d | ||
| 100 | _aPaudel, Ramesh Chandra | ||
| 245 | _aFinancial liberaliztion and performance in Sri Lanka: the ARDL approach | ||
| 260 | _c2009 | ||
| 300 | _ap.127-56. | ||
| 362 | _aJan-Jun | ||
| 650 | _aLiberalization - Sri Lanka | ||
| 650 | _aFinance - Sri Lanka | ||
| 650 | _aFinance | ||
| 700 | _aJayantha Kumaran, Kankesu | ||
| 773 | _aSouth Asia Economic Journal | ||
| 908 | _aN | ||
| 909 | _a84445 | ||
| 999 |
_c84445 _d84445 |
||